000
00238 a2200109 4500
001
68605
040
_c
Anchieta - Itaigara
240
1
0
_a
Os templos da selva
_l
245
1
0
_a
Os templos da selva
650
4
_a
Geografia e viagens
942
_c
MX
999
_c
68605
_d
68605